| 000 | 00593nam a2200181Ia 4500 | ||
|---|---|---|---|
| 005 | 20250508160406.0 | ||
| 008 | 008 250505s9999 xx 000 0 eng d | ||
| 037 | _aTextual | ||
| 040 |
_aFEDL _beng _cFEDL |
||
| 041 |
_aeng _2eng |
||
| 084 |
_a373.5402, IND _qFEDL |
||
| 245 | 0 | _aCentral board of secondary education prospectus for the all-India higher secondary examination, for 1970 and 1971 | |
| 245 | 0 | _cCBSE | |
| 260 |
_aNew Delhi, India _bCentral Board of Secondary Education |
||
| 300 | _aii,178p. | ||
| 942 |
_cTEXL _h373.5402, IND |
||
| 999 |
_c1364311 _d1364311 |
||